• AIU
  • Tony Wilmot Memorial Library

The little book of contemplative photography : (Record no. 65875)

MARC details
000 -LEADER
fixed length control field 02017cam a22003254a 4500
001 - CONTROL NUMBER
control field 13988534
003 - CONTROL NUMBER IDENTIFIER
control field OSt
005 - DATE AND TIME OF LATEST TRANSACTION
control field 20190329091135.0
008 - FIXED-LENGTH DATA ELEMENTS--GENERAL INFORMATION
fixed length control field 050601s2005 paua b 000 0 eng
010 ## - LIBRARY OF CONGRESS CONTROL NUMBER
LC control number 2005015872
020 ## - INTERNATIONAL STANDARD BOOK NUMBER
International Standard Book Number 1561484571 (pbk.)
040 ## - CATALOGING SOURCE
Original cataloging agency DLC
Transcribing agency DLC
Modifying agency DLC
042 ## - AUTHENTICATION CODE
Authentication code pcc
050 00 - LIBRARY OF CONGRESS CALL NUMBER
Classification number TR147
Item number .Z44 2005
082 00 - DEWEY DECIMAL CLASSIFICATION NUMBER
Classification number 770
Edition number 22
100 ## - MAIN ENTRY--PERSONAL NAME
Personal name Zehr, Howard
9 (RLIN) 48860
245 14 - TITLE STATEMENT
Title The little book of contemplative photography :
Remainder of title seeing with wonder, respect, and humility /
Statement of responsibility, etc Howard Zehr.
260 ## - PUBLICATION, DISTRIBUTION, ETC. (IMPRINT)
Place of publication, distribution, etc Intercourse, PA :
Name of publisher, distributor, etc Good Books,
Date of publication, distribution, etc 2005.
300 ## - PHYSICAL DESCRIPTION
Extent 82 p. :
Other physical details ill. ;
Dimensions 21 cm.
440 #0 - SERIES STATEMENT/ADDED ENTRY--TITLE
Title Little books of justice & peacebuilding
9 (RLIN) 48861
504 ## - BIBLIOGRAPHY, ETC. NOTE
Bibliography, etc Includes bibliographical references.
505 0# - FORMATTED CONTENTS NOTE
Formatted contents note Getting started -- Why this little book? -- About this book -- Equipment and knowledge -- Journaling -- Exercise: "tuning up" our eyes -- Exercise: I see/feel/think -- Changing our lens -- Exercise: photograph without viewfinder -- Exercise: receiving an image -- Practicing moodfulness -- Hindrances to receptivity -- Exercise: exploring the ordinary -- Exercise: break the rules -- An attitude of wonder -- Exercise: exploring abstraction -- Exercise: finding mystery in the familiar -- Seeing the light -- Characteristics of light -- Exercise: playing with light -- Exercise: meditating with light -- Exploring metaphor -- Exercise: finding metaphors -- Exercise: exploring your metaphors -- Making meaning -- Exercise: where is the energy? -- Exercise: disciplined seeing -- With respect and humility -- Exercise: taking stock.
650 #0 - SUBJECT ADDED ENTRY--TOPICAL TERM
Topical term or geographic name as entry element Photography
General subdivision Social aspects.
9 (RLIN) 48862
650 #0 - SUBJECT ADDED ENTRY--TOPICAL TERM
Topical term or geographic name as entry element Self-culture.
9 (RLIN) 48863
650 #0 - SUBJECT ADDED ENTRY--TOPICAL TERM
Topical term or geographic name as entry element Meditation
General subdivision Study and teaching.
9 (RLIN) 48864
856 41 - ELECTRONIC LOCATION AND ACCESS
Materials specified Table of contents
Uniform Resource Identifier <a href="http://www.loc.gov/catdir/toc/ecip0514/2005015872.html">http://www.loc.gov/catdir/toc/ecip0514/2005015872.html</a>
906 ## - LOCAL DATA ELEMENT F, LDF (RLIN)
a 7
b cbc
c orignew
d 1
e ecip
f 20
g y-gencatlg
942 ## - ADDED ENTRY ELEMENTS (KOHA)
Source of classification or shelving scheme Library of Congress Classification
Koha item type Books
Holdings
Withdrawn status Lost status Source of classification or shelving scheme Damaged status Not for loan Collection code Home library Current library Shelving location Date acquired Source of acquisition Cost, normal purchase price Total Checkouts Full call number Barcode Date last seen Copy number Price effective from Koha item type
    Library of Congress Classification     General Circulation AIU/NEGST - Tony Wilmot Memorial Library AIU/NEGST - Tony Wilmot Memorial Library General Stacks 06/22/2018 D - Joel Drudell 10.00   TR 147.Z44 2005 T05258W3232 09/26/2019 1 03/29/2019 Books